Vietnam North Vam Nao water control project (Project design document)
Сохранить в:
| Корпоративные авторы: | , |
|---|---|
| Формат: | |
| Язык: | Undetermined |
| Опубликовано: |
CanTho (Vietnam)
CanTho University
1994
|
| Предметы: | |
| Метки: |
Добавить метку
Нет меток, Требуется 1-ая метка записи!
|
| Thư viện lưu trữ: | Trung tâm Học liệu Trường Đại học Cần Thơ |
|---|
| LEADER | 00646nam a2200205Ia 4500 | ||
|---|---|---|---|
| 001 | CTU_149658 | ||
| 008 | 210402s9999 xx 000 0 und d | ||
| 082 | |a 333.91072 | ||
| 082 | |b F143/Vol.1 | ||
| 110 | |a Faculty of Fisheries | ||
| 110 | |b CanTho University | ||
| 245 | 0 | |a Vietnam North Vam Nao water control project | |
| 245 | 0 | |b (Project design document) | |
| 245 | 0 | |c Faculty of Fisheries. CanTho University | |
| 260 | |a CanTho (Vietnam) | ||
| 260 | |b CanTho University | ||
| 260 | |c 1994 | ||
| 650 | |a Agricutural ecology,Sinh thái nông nghiệp | ||
| 904 | |i Nguyên | ||
| 980 | |a Trung tâm Học liệu Trường Đại học Cần Thơ | ||